000
00219nam a22000857a 4500
008
161116b xxu||||| |||| 00| 0 eng d
100
_9
1261
_a
Jafa. M
245
_a
Flowers and I
260
_a
New delhi
_b
National book trust
_c
2006
999
_c
3964
_d
3964